Vanity fair

Kaydedildi:
Detaylı Bibliyografya
Yazar: Thackeray, William Makepeace
Materyal Türü: Kitap
Dil:Undetermined
Baskı/Yayın Bilgisi: London J. M. Dent & Sons, Ltd. 1948
Konular:
Etiketler: Etiketle
Etiket eklenmemiş, İlk siz ekleyin!
Thư viện lưu trữ: Trung tâm Học liệu Trường Đại học Cần Thơ
LEADER 00607nam a2200205Ia 4500
001 CTU_86100
008 210402s9999 xx 000 0 und d
082 |a 823 
082 |b T363 
100 |a Thackeray, William Makepeace 
245 0 |a Vanity fair 
245 0 |c William Makepeace Thackeray 
260 |a London 
260 |b J. M. Dent & Sons, Ltd. 
260 |c 1948 
650 |a British,Female friendship,Social classes,Married women,England 
650 |x Fiction,Fiction,Fiction,Fiction,Fiction 
650 |z Europe 
904 |i Trúc 
980 |a Trung tâm Học liệu Trường Đại học Cần Thơ